000 00268nam a2200121Ia 4500
008 140130s9999 xx 000 0 und d
245 _cKevin Henkes
_aWemberly Worried
260 _bScholastic,
_c2000
440 _v1
521 _aBR
942 _cBK
999 _c39917
_d39917